000 00447nam a2200157Ia 4500
008 110201s9999 xx 000 0 und d
082 _bB2001
_aKS 221
100 _aभावे पु.भा.
245 _aरेशमी धागे
365 _b35
600 _aभावे पु.भा.
630 _aरेशमी धागे
700 _aभावे पु.भा.
730 _aरेशमी धागे
942 _cBOOK
999 _c829108
_d829105